000 00767cam a2200289 4500
008 090401t1993 xxu||||| |||| 00| 0 eng d
020 _a0752000098
035 _a(Sirsi) u59189
041 _aeng
050 _a346.410435
100 _aGarner, J.F.
245 _aGarner`s rights of way and access to the countryside.
250 _a6th ed.
260 _aLondon
_bLongman
_c1993
300 _axxvii,144p. ; 22cm.
350 _a30
490 _aLongman Practitioner Series
650 _aACCESS TO THE COUNTRYSIDE
650 _aCOMMON LAND
650 _aLAW
650 _aPRIVATE RIGHTS OF WAY
650 _aRIGHTS OF WAY
690 _aHIGHWAYS RIGHTS OF WAY AND EASEMENTS
700 _aMowbray, A.R.
_xEditor
942 _n0
948 _c04/03/1997
999 _c94128
_d94128